Themes for special days. (Record no. 110080)
[ view plain ]
| 000 -LEADER | |
|---|---|
| fixed length control field | 00289nam a2200109 a 4500 |
| 005 - DATE AND TIME OF LATEST TRANSACTION | |
| control field | 20140414131849.0 |
| 008 - FIXED-LENGTH DATA ELEMENTS--GENERAL INFORMATION | |
| fixed length control field | 100727s19uu xx 00 eng d |
| 050 ## - LIBRARY OF CONGRESS CALL NUMBER | |
| Classification number | M 394.2 |
| Item number | V97 2005 |
| 245 ## - TITLE STATEMENT | |
| Title | Themes for special days. |
| 260 ## - PUBLICATION, DISTRIBUTION, ETC. (IMPRINT) | |
| Place of publication, distribution, etc | Australia : |
| Name of publisher, distributor, etc | Hawker Brownlow, |
| Date of publication, distribution, etc | 2005. |
| Withdrawn status | Lost status | Damaged status | Home library | Current library | Shelving location | Date acquired | Total Checkouts | Full call number | Barcode | Date last seen | Price effective from | Koha item type |
|---|---|---|---|---|---|---|---|---|---|---|---|---|
| Munich Library | Munich Library | Main Section | 07/27/2010 | M 394.2 V97 2005 | M0332 | 04/14/2014 | 04/14/2014 | Books |